ՀՀ Գիտությունների ազգային ակադեմիայի հիմնարար գիտական գրադարան  =   Fundamental Scientific Library of NAS RA

100-летию отмены крепостного права : (Record no. 451337)

MARC details
000 -LEADER
fixed length control field 01218nam a2200229 a 4500
003 - CONTROL NUMBER IDENTIFIER
control field AM-YEHGA
005 - DATE AND TIME OF LATEST TRANSACTION
control field 20250617160338.0
008 - FIXED-LENGTH DATA ELEMENTS--GENERAL INFORMATION
fixed length control field 180301s1961 ru |||||r|||||001|0|rus||
040 ## - CATALOGING SOURCE
Original cataloging agency AM-YeHGA
041 0# - LANGUAGE CODE
Language code of text/sound track or separate title rus
090 ## - LOCALLY ASSIGNED LC-TYPE CALL NUMBER (OCLC); LOCAL CALL NUMBER (RLIN)
-- 454276
100 1# - MAIN ENTRY--PERSONAL NAME
Personal name Берхин, Илья Борисович
245 10 - TITLE STATEMENT
Title 100-летию отмены крепостного права :
Remainder of title (Материал к лекции) /
Statement of responsibility, etc. О-во по распространению полит. и науч. знаний РСФСР. Ред.-метод. группа.
260 ## - PUBLICATION, DISTRIBUTION, ETC.
Place of publication, distribution, etc. Москва :
Name of publisher, distributor, etc. Б. и.,
Date of publication, distribution, etc. 1961.
300 ## - PHYSICAL DESCRIPTION
Extent 48 с. ;
Dimensions 21 см.
504 ## - BIBLIOGRAPHY, ETC. NOTE
Bibliography, etc. note Библиогр. в конце книги
650 14 - SUBJECT ADDED ENTRY--TOPICAL TERM
Topical term or geographic name entry element История России
653 0# - INDEX TERM--UNCONTROLLED
Uncontrolled term Крестьянская реформа в России 1861 г. - Материалы для докладов, лекций.
653 0# - INDEX TERM--UNCONTROLLED
Uncontrolled term Крестьянское движение в России - Материалы для докладов, лекций.
710 2# - ADDED ENTRY--CORPORATE NAME
Corporate name or jurisdiction name as entry element Общество по распространению политических и научных знаний РСФСР
Subordinate unit Редакционно-методическая группа.
942 ## - ADDED ENTRY ELEMENTS (KOHA)
Source of classification or shelving scheme Universal Decimal Classification
Koha item type Գրքեր / Books
Holdings
Withdrawn status Lost status Source of classification or shelving scheme Damaged status Not for loan Collection Home library Current library Date acquired Total checkouts Full call number Barcode Date last seen Price effective from Koha item type Public note
    Universal Decimal Classification     General Fundamental Scientific Library Fundamental Scientific Library 25/09/2020   PII/38678 FL0632514 25/09/2020 25/09/2020 Գրքեր / Books 30 Days Loan


ՀՀ ԳԱԱ հիմնարար գիտական գրադարան
ՀՀ,Երևան 0019
Մարշալ Բաղրամյան 24/6
հեռախոս:(374-10) 52-47-50
Հետադարձ կապ

All site content, except where otherwise noted, is licensed under a
Creative Commons License